| 000 | 00000nam 2200000za 4500 |
| 001 | 9.837985 |
| 003 | CaOODSP |
| 005 | 20221107151254 |
| 007 | cr ||||||||||| |
| 008 | 170608s1986 onc |o f|0| 0 eng d |
| 040 | |aCaOODSP|beng |
| 041 | |aeng|bfre |
| 043 | |an-cn--- |
| 086 | 1 |aCS11-614/86-16E-PDF |
| 100 | 1 |aMorry, M. |
| 245 | 13|aAn analysis of seasonality in the Canadian financial flow series |h[electronic resource] / |cby Marietta Morry. |
| 260 | |a[Ottawa] : |bStatistics Canada, |c1986. |
| 300 | |a[40] p. |
| 490 | 1 |aWorking paper ; |v86-16 |
| 500 | |aDigitized edition from print [produced by Statistics Canada]. |
| 500 | |a"Working Paper TSRA-86-016E." |
| 500 | |a"October, 1986." |
| 504 | |aIncludes bibliographic references. |
| 520 | |a"The sections to follow will discuss the different stages of the seasonal adjustment process. Section 2 describes how the length of the series was determined. Section 3 deals with the problem of the treatment of outliers. In Section 4, a set of statistics is presented which served as a basis for the assessment of seasonal adjustment quality. Based on these statistics, recommendations are made regarding which series should be seasonally adjusted. Finally, Section 5 concludes the study"--Introduction, p. 2. |
| 546 | |aAbstract in French. |
| 692 | 07|2gccst|aMethodology |
| 692 | 07|2gccst|aStatistical analysis |
| 710 | 1 |aCanada. |bStatistics Canada. |bMethodology Branch. |
| 830 | #0|aWorking paper (Statistics Canada. Methodology Branch)|v86-16|w(CaOODSP)9.834763 |
| 856 | 40|qPDF|s3.99 MB|uhttps://publications.gc.ca/collections/collection_2017/statcan/11-613/CS11-614-86-16-eng.pdf |
| 986 | |a11-614E |